000 00651cam a2200205 4500
001 BIIH004410
008 1993 spa
020 _a968-7009-32-6
035 _aBIIH004410
050 4 _aHN113
_bA42 1993
100 1 _aAlduncin Abitia, Enrique
245 4 _aLos valores de los mexicanos /
_cEnrique Alduncin Abitia.
260 _aMéxico :
_bFomento Cultural Banamex,
_c1993
300 _av. ;
_c28 cm.
500 _a1 ejemplar
504 _aBibliografías: p. 183-184
505 _aContenido: v.3. En busca de una esenciaLa biblioteca tiene solamente el v.3
650 4 _aValores sociales
_xMéxico
942 _2lcc
_cLIB
999 _c67659
_d67659